[Event "HUN-chT2 Szechenyi 1617"]
[Site "Hungary"]
[Date "2016.09.25"]
[Round "1.12"]
[White "Ratkai, Balazs Gabor"]
[Black "Domonkos, Eszter"]
[Result "1-0"]
[WhiteElo "1554"]
[BlackElo "1378"]
[PlyCount "117"]
[EventDate "2016.09.25"]
[EventType "team-tourn"]
[EventRounds "11"]
[EventCountry "HUN"]
[SourceTitle "EXT 2021"]
[Source "ChessBase"]
[SourceDate "2020.10.23"]
[SourceVersion "1"]
[SourceVersionDate "2020.10.23"]
[SourceQuality "1"]
[WhiteTeam "Haladas Szombathely III"]
[BlackTeam "Papa"]
[WhiteTeamCountry "HUN"]
[BlackTeamCountry "HUN"]

1. d4 d5 2. Nf3 Nc6 3. Bf4 Bg4 4. e3 a6 5. Be2 e6 6. 0-0 Bd6 7. Bxd6 Qxd6 8. Nbd2 Bf5 9. c4 Qb4 10. cxd5 exd5 11. Qb3 0-0-0 12. a3 Qd6 13. Rac1 Nf6 14. Rc5 Rhe8 15. Rfc1 Rd7 16. Bxa6 Na5 17. Rxa5 bxa6 18. Ne5 Rxe5 19. dxe5 Qxe5 20. Rxa6 Kd8 21. Nf3 Qe4 22. Ra8+ Ke7 23. Qb4+ Rd6 24. Rxc7+ Bd7 25. Qxe4+ dxe4 26. Nd4 Rb6 27. b4 Ne8 28. Rc5 Nf6 29. Ra7 Kd6 30. Raa5 h6 31. Nf5+ Bxf5 32. Rxf5 Kd7 33. Ra7+ Ke6 34. Rc5 Rd6 35. g3 Nd7 36. Rc4 Nf6 37. Rac7 Rd1+ 38. Kg2 Ra1 39. R7c6+ Kf5 40. R4c5+ Kg6 41. Ra6 Kh7 42. a4 Ra2 43. h3 Rd2 44. b5 Nd7 45. Rc7 Ne5 46. b6 Nd7 47. a5 Nb8 48. Raa7 Rd6 49. Rxf7 Rg6 50. Rab7 Nc6 51. a6 Re6 52. a7 Re8 53. Rxg7+ Kh8 54. Rh7+ Kg8 55. Rbg7+ Kf8 56. b7 Nxa7 57. Rh8+ Kxg7 58. Rxe8 Nc6 59. Rc8 1-0